| 000 | 01237nam a2200361 a 4500 | ||
|---|---|---|---|
| 001 | 26710 | ||
| 003 | CO-ViMGA | ||
| 005 | 20230915223426.0 | ||
| 006 | a4263956 | ||
| 008 | 141112s2004 ck r 000 u spa d | ||
| 015 | _aMON0805 | ||
| 017 | _aM 27078 - 2007 Oficina Depósito Legal Madrid | ||
| 020 | _a9788441324039 | ||
| 035 | _a(OCoLC)433792685 | ||
| 040 |
_aCO-ViMGA _bspa _cCO-ViMGA |
||
| 080 | _a087.5 : 82 | ||
| 082 | 0 | 4 | _aI808.831 P27b |
| 100 | 1 | _aMolero i Lloret, Natalia, 1959 - | |
| 245 | 1 | 0 |
_aLa bella durmiente : _badaptación del cuento de Charles Perrault ; [adaptación del cuento original, Natalia Molero ; ilustraciones, Cardona Estudio] |
| 260 | _aBarcelona Folio [2007] | ||
| 300 | _a10, 16 p. : il. , col. , 20 cm | ||
| 490 | 0 | _aTeatro - cuentos | |
| 490 | 0 | _aTeatro - cuentos | |
| 505 | _aLa bella durmiente, el guión ; La bella durmiente, el cuento ilustrado | ||
| 594 | _aAdaptación de : La belle au bois dormant / Charles Perrault | ||
| 597 | _aTextos contrapuestos | ||
| 650 | 1 | 4 | _aCuentos clásicos infantiles |
| 700 | 1 |
_aPerrault, Charles 1628 - 1703 La belle au bois dormant _93874 |
|
| 710 | _aCardona Estudio | ||
| 926 | _aMONOMODERN | ||
| 942 |
_2ddc _cBK |
||
| 956 | _a2 | ||
| 999 |
_c10058 _d10058 |
||